000
00276nam a2200121 a 4500
008
101022s1974|||| d
245
1
0
_a
Expert zo SicĂlie
100
1
_a
Lewis, Norman
260
_b
Pravda
_a
Bratislava
_c
1974
020
_c
30
041
_a
slo
044
_a
xo
_c
SK
999
_c
12042
_d
12042